Telesná výchova a šport na vysokých školách v Slovenskej republike : Zborník vedeckých prác. Nitra, 26. októbra 2001

Guardado en:
Detalles Bibliográficos
Formato: Libro
Lenguaje:eslovaco
Publicado: Nitra : SPU v Nitre, 2001
Materias:
Etiquetas: Agregar Etiqueta
Sin Etiquetas, Sea el primero en etiquetar este registro!

MARC

LEADER 00000nam a22000003a 4500
001 stu72813
005 20150408161841.2
008 011123s2001----xo------------------slo-d
020 |a 80-7137-943-3 
040 |a STU  |b slo 
041 0 |a slo 
044 |a xo 
080 |a 796:378(082) 
245 |a Telesná výchova a šport na vysokých školách v Slovenskej republike :  |b Zborník vedeckých prác. Nitra, 26. októbra 2001 
260 |a Nitra :  |b SPU v Nitre,  |c 2001 
300 |a 103 s 
650 7 |a Výchova telesná-školy vysoké slovenské  |2 stusub 
996 |b 284M033573  |c M*Z-1906  |l MMKN  |s A  |a 24  |w stu72813_0001